Statystyki dla Dawne Nazwy Państw

Kliknij tutaj aby rozwiązać quiz!

Ogólne statystyki

  • Ten quiz został rozwiązany 619 razy
  • Średni wynik to 8 z 13

Statystyki odpowiedzi

NazwaStara nazwa% Poprawnych
CzechyCzechosłowacja
91%
RosjaZSRR
89%
NiderlandyHolandia
86%
TurcjaImperium Osmańskie
86%
MjanmaBirma
84%
AustriaAustro-Wegry
82%
IranPersja
72%
EswatiniSuazi
67%
Sri LankaCejlon
44%
TajlandiaSyjam
41%
SerbiaSerbia i Czarnogóra
30%
BangladeszPakistan Wschodni
25%
BelizeHonduras Brytyjski
15%

Rozkład punktacji

Percentyl według liczby udzielonych odpowiedzi

Procent ludzi z każdym wynikiem

Twoja historia wyników

Nie rozwiązałeś tego quizu